000 00597nam a2200181Ia 4500
005 20260601193221.0
008 260601s9999||||xx |||||||||||||| ||und||
020 _a978-3-031-45608-4
_qebk
100 _aZied Bouraoui
245 0 _aSymbolic and Quantitative Approaches to Reasoning with Uncertainty
250 _a1st ed. 2024
260 _aHeidelberg, Germany
_bSpringer Nature
_c2024
440 _aLecture Notes in Computer Science
650 _aComputer Science
700 _aSrdjan Vesic
856 _uhttps://link.springer.com/openurl?genre=book&isbn=978-3-031-45608-4
942 _cEB
_2ddc
999 _c55805
_d55805